Rosa AS Roma 2025-2026 - Statistics

Statistiche generali
  • Questo quiz è stato fatto 60 volte
  • Il punteggio medio è 21 su 28
Statistiche sulle risposte
Ruolo N° Maglia Nazionalità Giocatore % Corretto
P 99 I Mile Svilar
94%
A 14 I Donyell Malen
91%
D 5 I Evan Ndicka
91%
A 21 I Paulo Dybala
91%
D 19 I Zeki Çelik
91%
D 23 I Gianluca Mancini
89%
Allenatore - i Gian Piero Gasperini
89%
C 4 I Bryan Cristante
87%
C 7 I Lorenzo Pellegrini
87%
A 18 I Matias Soulé
87%
A 9 I Artem Dovbyk
85%
A 11 I Evan Ferguson
83%
D 43 I Wesley
83%
C 17 I Manu Kone
79%
P 95 I Pierluigi Gollini
74%
A 92 I Stephan El Shaarawy
74%
D 12 I Kostas Tsimikas
72%
C 71 I Niccolò Pisilli
70%
D 87 I Daniele Ghilardi
68%
C 8 I Neil El Aynaoui
68%
D 3 I Angeliño
66%
D 2 I Devyne Rensch
66%
D 22 I Mario Hermoso
64%
D 24 I Jan Ziółkowski
62%
A 78 I Robinio Vaz
60%
A 20 I Lorenzo Venturino
57%
A 97 I Bryan Zaragoza
55%
P 91 i Radosław Żelezny
30%
Nessun quiz corrispondente trovato
Distribuzione punteggi
Percentuale di utenti per punteggio
Percentile per numero di risposta
I tuoi punteggi nel tempo
Non hai fatto questo quiz